La autonomía de la Costa Atlántica
Zapisane w:
| Format: | Texto |
|---|---|
| Hasła przedmiotowe: | |
| Etykiety: |
Dodaj etykietę
Nie ma etykietki, Dołącz pierwszą etykiete!
|
MARC
| LEADER | 00000 a a2200000 04500 | ||
|---|---|---|---|
| 001 | 45633 | ||
| 003 | |||
| 040 | |a CRAI/IIS |c CRAI/IIS | ||
| 245 | |a La autonomía de la Costa Atlántica | ||
| 500 | |a Antes se llamaba: ALAI SERVICIO MENSUAL DE INFORMACION Y DOCUMENTACION | ||
| 650 | |a HISTORIA POLITICA | ||
| 650 | |a GOBIERNO | ||
| 650 | |a NICARAGUA | ||
| 650 | |a AMERICA CENTRAL | ||
| 773 | |g volumen12, número100 (Febrero, 1988), Págs. 22-24 | ||
| 999 | |c 18324 |d 18324 | ||
